000 00727nam a2200193Ia 4500
008 0000002001 usa 0000000000eng00
090 _aPUS00 C87b
100 1 _aCurtis, Brian
245 1 0 _aBrian Curtis
300 _a1 plegable [6] p.
_c/ 28 cm.
500 _aExposición realizada en The Lowe Art Museum, Coral Gables, Agosto 9 Septiembre 9, 2001 \ Con el patronazgo del maestro venezolano Jesús Rafael Soto (q.e.p.d.)
600 0 0 _aCURTIS, BRIAN TRABAJOS PICTORICOS
650 1 4 _aARTE CONTEMPORANEO ESTADOUNIDENSE
650 1 4 _xCATALOGOS
650 1 4 _xEXPOSICIONES
650 1 4 _aPINTORES ESTADOUNIDENSES
650 1 4 _aPINTURA ESTADOUNIDENSE
999 _c2394
_d2394
260 _aCoral Gables : The Lowe Art Museum
_c2001